Carpaccio - le storie di Sant'Orsola (Record n. 91178)
[ formato base ]
| 000 -LEADER | |
|---|---|
| fixed length control field | 01166nam a2200289Ia 4500 |
| 001 - CONTROL NUMBER | |
| control field | H9297 |
| 003 - CONTROL NUMBER IDENTIFIER | |
| control field | IT-RoPAU |
| 008 - FIXED-LENGTH DATA ELEMENTS--GENERAL INFORMATION | |
| fixed length control field | 130308s9999 xx 000 0 und d |
| 040 ## - CATALOGING SOURCE | |
| Original cataloging agency | IT-RoPAU |
| 040 ## - CATALOGING SOURCE | |
| Transcribing agency | IT-RoPAU |
| 041 ## - LANGUAGE CODE | |
| Language code of text/sound track or separate title | ITALIANO |
| 100 ## - MAIN ENTRY--PERSONAL NAME | |
| Personal name | Pallucchini Rodolfo |
| 100 ## - MAIN ENTRY--PERSONAL NAME | |
| Miscellaneous information | Codice Aut. SPICS: 2937 |
| 245 ## - TITLE STATEMENT | |
| Title | Carpaccio - le storie di Sant'Orsola |
| 245 ## - TITLE STATEMENT | |
| Remainder of title | Carpaccio - le Storie di Sant'Orsola |
| 250 ## - EDITION STATEMENT | |
| Edition statement | 1a ed. |
| 260 ## - PUBLICATION, DISTRIBUTION, ETC. (IMPRINT) | |
| Place of publication, distribution, etc. | MILANO |
| 260 ## - PUBLICATION, DISTRIBUTION, ETC. (IMPRINT) | |
| Name of publisher, distributor, etc. | Martello Aldo |
| 260 ## - PUBLICATION, DISTRIBUTION, ETC. (IMPRINT) | |
| Date of publication, distribution, etc. | 1958 [1° Ed.:1958 - Ed.Ling.Originale:1958] |
| 300 ## - PHYSICAL DESCRIPTION | |
| Extent | "74 p. (prefazione: no ; testo: 74 [pagine: 0-0])" |
| 500 ## - GENERAL NOTE | |
| General note | Nella Serie dei Teleri di Sant'Orsola Carpaccio si presenta Come un Artista Nuovo. con Il Ciclo di Sant'Orsola Egli si Affaccia Alla Ribalta della scena Artistica veneziana con Autorità Arricchendo di Nuovi Valori quella Tradizione. V'E' in Lui un Senso di Novellistica Sceneggiata con Brio e con Sottigliettza Psicologica che Lo Isola Dagli Altri pittori Contemporanei. 9 tavole Eslpicative a Colori. |
| 650 ## - SUBJECT ADDED ENTRY--TOPICAL TERM | |
| Topical term or geographic name as entry element | AUTORI/OPERE DI PITTURA |
| 650 ## - SUBJECT ADDED ENTRY--TOPICAL TERM | |
| Relator term | Codice materia Spics: 5207 |
| 942 ## - ADDED ENTRY ELEMENTS (KOHA) | |
| Koha item type | LIBRO |
| 957 ## - | |
| -- | 1 |
| 999 ## - SYSTEM CONTROL NUMBERS (KOHA) | |
| -- | 1 |
| Withdrawn status | Lost status | Damaged status | Not for loan | Home library | Current library | Date acquired | Total Checkouts | Full call number | Date last seen | Price effective from | Koha item type | Public note |
|---|---|---|---|---|---|---|---|---|---|---|---|---|
| Buone Condizioni | Not For Loan | SPICS-MEDIATECA | SPICS-MEDIATECA | 08/03/2013 | H9297 | 08/03/2013 | 08/03/2013 | LIBRO | Progressivo inserimento: 24018 / N. Volumi: 1 Copie: 1 / data import: 1 marzo 2013 - By Epidotti, Trombetti, Vaglietti. |